000 00651nam a22001937a 4500
005 20251108164041.0
008 250721s1976 xx 000 0 ara d
082 1 4 _a216,8/أسم
100 1 _aالخطيب، إسماعيل
245 1 0 _aالمسكرات بين الشرائع السماوية و القوانين الجنائية /
264 1 _aالقاهرة :
_bمطابع دار الشعب،
_c1976.
300 _a249ص
490 0 _aمطبوعات الشعب : ثقافة وعلوم إنسانية لكل الشعب
650 1 7 _aالإسلام
650 1 7 _aالفقه
650 1 7 _aالعقوبات
942 _2ddc
_cBK
999 _c2342
_d2342